000 00557nam a22001697a 4500
005 20231107072928.0
008 231107b |||||||| |||| 00| 0 eng d
020 _a0409064068
041 _aEnglish
082 _a346.43 WUL
100 _aWulfsohn, PM
_lEnglish
245 _aFormalities in respect of Contracts of Sale of Land Act (71 of 1969) /
_cPM Wulfsohn
260 _aDurban :
_bButterworth and Company (Pty) Ltd,
_c1980
300 _bxxv, 316 pages ;
_c26 cm.
650 _aLegal practice
_bLaw
942 _cBK
_6ALISON_BN_VRIES
999 _c346
_d346